Border Crossings Quiz #3 - Statistics

General Stats
  • This quiz has been taken 182 times
  • The average score is 21 of 24
Answer Stats
Start In Travel Country % Correct
Estonia South Latvia
96%
Paraguay East Brazil
95%
Bosnia West Croatia
95%
Luxembourg South France
95%
Eswatini West South Africa
95%
Guyana East Suriname
94%
Angola South Namibia
93%
Jordan South Saudi Arabia
93%
Cambodia East Vietnam
93%
Slovakia South Hungary
90%
Ghana North Burkina Faso
89%
Uzbekistan North Kazakhstan
89%
Syria North Turkey
89%
Liechtenstein East Austria
87%
Nicaragua North Honduras
85%
Georgia North Russia
85%
Ivory Coast East Ghana
84%
Kenya East Somalia
84%
Equatorial Guinea North Cameroon
83%
Botswana West Namibia
83%
Azerbaijan South Iran
82%
Israel East Jordan
82%
Malawi South Mozambique
81%
Rwanda East Tanzania
80%
No matching quizzes found
Score Distribution
Percent of People with Each Score
Percentile by Number Answered
Your Score History
You have not taken this quiz